书目信息 |
| 题名: |
近代欧氏几何学
|
|
| 作者: | 约翰逊 著 ;单墫 译 | |
| 分册: | ||
| 出版信息: | 上海 上海教育出版社 1999 |
|
| 页数: | 293页 | |
| 开本: | 20cm | |
| 丛书名: | 通俗数学名著译丛 | |
| 单 册: | ||
| 中图分类: | O184 | |
| 科图分类: | ||
| 主题词: | 欧氏几何 | |
| 电子资源: | ||
| ISBN: | 7-5320-6392-5 | |
| 000 | 00814nam0 2200253 45 | |
| 001 | 0304071579 | |
| 005 | 20031219104108.9 | |
| 010 | @a7-5320-6392-5@b软精装@dCNY13.50 | |
| 100 | @a20030407d1999 km y0chiy0120 ea | |
| 101 | 0 | @achi@ceng |
| 105 | @a z 000yy | |
| 200 | 1 | @a近代欧氏几何学@AJin Dai Ou Shi Ji He Xue@f(美)R.A.约翰逊著@F(Mei)R.A.Yue Han Xun Zhu@g单墫译 |
| 210 | @a上海@c上海教育出版社@d1999@h2000.3重印 | |
| 215 | @a293页@d20cm | |
| 225 | @a通俗数学名著译丛@f史树中,李文林主编 | |
| 320 | @a书末附索引。 | |
| 410 | @12001 @a通俗数学名著译丛 | |
| 410 | @1700 0@a李文林@ALi Wen Lin@4主编@a史树中@AShi Shu Zhong@4主编 | |
| 606 | 0 | @a欧氏几何 |
| 690 | @aO184@v4 | |
| 701 | 0 | @a约翰逊@bR.A.@4著 |
| 702 | 0 | @a单墫@ADan Zun@4译 |
| 801 | @aCN@bTSTC@c20030410 | |
| 905 | @b322294-298@dO184@e4@f5 | |
| 近代欧氏几何学/(美)R.A.约翰逊著/单墫译.-上海:上海教育出版社,1999(2000.3重印) |
| 293页;20cm.-(通俗数学名著译丛/史树中,李文林主编) |
| ISBN 7-5320-6392-5(软精装):CNY13.50 |
| ● |
| 相关链接 |
|
|
|
|
正题名:近代欧氏几何学
索取号:O184/4
 
预约/预借
| 序号 | 登录号 | 条形码 | 馆藏地/架位号 | 状态 | 备注 |
| 1 | 0322294 | 203222949 | 第三借阅区/ [索取号:O184/4] | 在馆 | |
| 2 | 0322295 | 203222958 | 第三借阅区/ [索取号:O184/4] | 在馆 | |
| 3 | 0322296 | 203222967 | 第三借阅区/ [索取号:O184/4] | 在馆 | |
| 4 | 0322297 | 203222976 | 第三借阅区/ [索取号:O184/4] | 在馆 | |
| 5 | 0322298 | 203222985 | 第二样本阅览室/ [索取号:O184/4] | 在馆 |